Derecho internacional público / (Registro nro. 14760)

Detalles MARC
000 -LEADER
fixed length control field 00817nam a2200253 a 4500
001 - CONTROL NUMBER
control field 000008509
003 - CONTROL NUMBER IDENTIFIER
control field DO-SdBNP
005 - DATE AND TIME OF LATEST TRANSACTION
control field 20240731113400.0
008 - FIXED-LENGTH DATA ELEMENTS--GENERAL INFORMATION
fixed length control field 090917s2001 dr r 000 0 spa d
020 ## - INTERNATIONAL STANDARD BOOK NUMBER
International Standard Book Number 9993483338
040 ## - CATALOGING SOURCE
Original cataloging agency DO-SdBNP
Language of cataloging spa
Transcribing agency BPMSU
082 #4 - DEWEY DECIMAL CLASSIFICATION NUMBER
Classification number 341.11
Item number C212d 2001
Edition number 22
100 1# - MAIN ENTRY--PERSONAL NAME
Personal name Canal-Forgues, Eric
245 10 - TITLE STATEMENT
Title Derecho internacional público /
Statement of responsibility, etc. Eric Canal-Forgues
260 ## - PUBLICATION, DISTRIBUTION, ETC. (IMPRINT)
Place of publication, distribution, etc. Santo Domingo :
Name of publisher, distributor, etc. Editora Centenario
Date of publication, distribution, etc. 2001
300 ## - PHYSICAL DESCRIPTION
Extent 77 p. ;
Dimensions 22 cm.
590 ## - LOCAL NOTE (RLIN)
Local note Inventariado, 2024/VM
650 #4 - SUBJECT ADDED ENTRY--TOPICAL TERM
Topical term or geographic name as entry element Derecho internacional público
650 #4 - SUBJECT ADDED ENTRY--TOPICAL TERM
Topical term or geographic name as entry element Derecho internacional público
General subdivision Enseñanza
Geographic subdivision República Dominicana
650 #4 - SUBJECT ADDED ENTRY--TOPICAL TERM
Topical term or geographic name as entry element Estados
710 2# - ADDED ENTRY--CORPORATE NAME
Corporate name or jurisdiction name as entry element Escuela Diplomática y Consular (República Dominicana)
910 ## - USER-OPTION DATA (OCLC)
User-option data VMateo V. Control de calidad. BPMSU
942 ## - ADDED ENTRY ELEMENTS (KOHA)
Source of classification or shelving scheme Dewey Decimal Classification
Koha item type Libros
Existencias
Withdrawn status Lost status Source of classification or shelving scheme Damaged status Not for loan Collection code Home library Current library Date acquired Total Checkouts Full call number Barcode Date last seen Price effective from Koha item type
    Dewey Decimal Classification     Colección Dominicana Biblioteca Pública Metropolitana Salomé Ureña Biblioteca Pública Metropolitana Salomé Ureña 07/31/2024   BPMSU CD 341 M491d 2001 BPMSU24070121 07/31/2024 07/31/2024 Libros